000 00225nam a2200097Ia 4500
005 20251222114416.0
008 251222s1900||||xx |||||||||||||| ||spa||
082 _aDVD0124/V63
245 0 _aVideo music awards: rock:
942 _cDVD
999 _c2246
_d2246